• 首页
  • 本馆介绍
  • 公告通知
  • 最新文献
  • 馆藏检索
  • 电子资源
  • 读者导购
  • 参考咨询
  • 我的图书馆
  • 登录
  • 期刊详细显示
  • 现刊情况显示
  • 合订本情况显示
  • 篇目信息显示

期刊信息

  • 表格格式
  • 工作单格式
  • 卡片格式
索取号 
C5/XAWG
题名 
西安外国语大学学报
作者 
西安外国语学院学报编辑部
分册号 
分册名 
出版地 
陕西
出版者 
西安外国语学院学报编辑部
标准刊号 
1008-4703
出版频率 
季刊
中图法分类 
C5
主题词 
社会科学 丛书; 社会科学 文集; 社会科学 连续出版物
电子资源 
000 00768nas0 2200241 45
001 0552754062
005 20190701102336.83
011    @a1008-4703@dCNY8.00(2006)
091    @aCN61-1325/G4
092    @b52-181
100    @a20051129d km y0chiy0120 ea
101 0  @achi
200 1  @a西安外国语大学学报@AXi An Wai Guo Yu Da Xue Xue Bao@f西安外国语学院学报编辑部@FXi An Wai Guo Yu Xue Yuan Xue Bao Bian Ji Bu
210    @a陕西@c西安外国语学院学报编辑部
326    @a季刊
430    @12001 @a西安外国语学院学报
606 0  @a社会科学@x丛书
606 0  @a社会科学@x文集
606 0  @a社会科学@x连续出版物
690    @aC5@v4
711  0 @a西安外国语学院学报编辑部@AXi An Wai Guo Yu Xue Yuan Xue Bao Bian Ji Bu
801  0 @aCN@bPFT@c20070709
905    @aTJWY@dC5@eXAWG
    
    西安外国语大学学报/西安外国语学院学报编辑部.-陕西:西安外国语学院学报编辑部
    
    
    
    ISSN 1008-4703:CNY8.00(2006)
    
●
相关链接: 在易读查询期刊 在中国知网中查询期刊 在万方数据查询期刊 在维普查询期刊
唐山师范学院图书馆 欢迎您!
大连网信软件有限公司© 版权所有